| 000 | 00801nas a2200241 i 4500 | ||
|---|---|---|---|
| 001 | 198 | ||
| 003 | ES-MaACL | ||
| 005 | 20250809062524.0 | ||
| 007 | t| | ||
| 008 | 950801d18721956fr | | 1 ||re d | ||
| 022 | _a1245-5350 | ||
| 080 | _a44 | ||
| 245 | 0 | 0 |
_aAnnuaire de législation étrangère / _cSociété de Législation Comparée. |
| 260 |
_aParis : _bCotillon et Fils, _c1872-1956 ( _eLaval : _fBarneond) |
||
| 300 |
_a53 v. ; _c25 cm. |
||
| 362 | 1 | _a1re ann.(1870/1871) - 30e ann.(1900) ; 2e s., 1re ann.(1901) - 3e s.,33e ann.(1937) = 31e ann.-63e ann. ; N.s.,t.1(1938/1949) - t.4(1955) | |
| 650 | 1 | 7 |
_aDerecho _2embne _911602 |
| 710 | 2 |
_aSociété de Législation Comparée. _96844 |
|
| 852 |
_aES-MaACL _jHEM-1044 |
||
| 866 | 0 | _o1871-1933. | |
| 942 | _2udc | ||
| 999 |
_c198 _d198 |
||